| 000 | 00345nam a22001337a 4500 | ||
|---|---|---|---|
| 005 | 20230224154138.0 | ||
| 008 | 230224b |||||||| |||| 00| 0 eng d | ||
| 040 | _c##$aRTC$cRTC | ||
| 082 | _a820 | ||
| 245 |
_aLIT 317: _bWomen's Writings |
||
| 260 |
_aThimphu; _bRoyal Thimphu College, _c2023 |
||
| 300 |
_a29 p. _c29.7 cm |
||
| 942 |
_2ddc _cCE TEXBOOK |
||
| 999 |
_c9308 _d9309 |
||